|
|
|
|
| LEADER |
00000nam0a2200000 4500 |
| 001 |
243877 |
| 005 |
20231101232014.0 |
| 035 |
|
|
|a (RuTPU)RU\TPU\book\265231
|
| 090 |
|
|
|a 243877
|
| 100 |
|
|
|a 20131008d1949 k y0rusy50 ca
|
| 101 |
0 |
|
|a rus
|
| 102 |
|
|
|a RU
|
| 105 |
|
|
|a y z 001zy
|
| 200 |
1 |
|
|a Сборник научных работ по проводной связи
|f Академия наук СССР (АН СССР), Лаборатория по разработке научных проблем проводной связи ; под ред. В. И. Коваленкова
|
| 210 |
|
|
|a Москва
|a Ленинград
|c Изд-во Академии наук СССР
|d 1949
|
| 215 |
|
|
|a 183 с.
|
| 320 |
|
|
|a Библиогр. в конце ст.
|
| 606 |
1 |
|
|a Электрическая связь, проводная
|2 stltpush
|3 (RuTPU)RU\TPU\subj\26866
|9 50702
|
| 610 |
1 |
|
|a двухпроводные линии
|
| 610 |
1 |
|
|a волноводные свойства
|
| 610 |
1 |
|
|a линии передачи
|
| 610 |
1 |
|
|a цепи
|
| 610 |
1 |
|
|a электрические системы
|
| 610 |
1 |
|
|a амплитуды
|
| 610 |
1 |
|
|a обратная связь
|
| 610 |
1 |
|
|a полосовые фильтры
|
| 610 |
1 |
|
|a катушки
|
| 610 |
1 |
|
|a нелинейные искажения
|
| 610 |
1 |
|
|a трансформаторы
|
| 675 |
|
|
|a 621.391.31
|v 3
|
| 702 |
|
1 |
|a Коваленков
|b В. И.
|4 340
|
| 712 |
0 |
2 |
|a Академия наук СССР (АН СССР)
|b Лаборатория по разработке научных проблем проводной связи
|2 stltpush
|3 (RuTPU)RU\TPU\col\722
|
| 801 |
|
1 |
|a RU
|b 63413507
|c 20131008
|
| 801 |
|
2 |
|a RU
|b 63413507
|c 20131204
|g RCR
|
| 942 |
|
|
|c BK
|